书目信息 |
| 题名: |
室内给水排水工程
|
|
| 作者: | ;太原工学院 主编 | |
| 分册: | ||
| 出版信息: | 北京 中国建筑工业出版社 1981 |
|
| 页数: | 164页 | |
| 开本: | 25cm | |
| 丛书名: | ||
| 单 册: | ||
| 中图分类: | TU82 | |
| 科图分类: | ||
| 主题词: | 房屋建筑设备:卫生设备 | |
| 电子资源: | ||
| ISBN: | ||
| 000 | 00717nam0 2200253 45 | |
| 001 | 0181006661 | |
| 005 | 20040517100818.1 | |
| 010 | @dCNY1.10 | |
| 091 | @a15040.4154 | |
| 100 | @a19950516d1981 em y0chiy0121 ea | |
| 101 | 0 | @achi |
| 102 | @aCN@b110000 | |
| 105 | @ay z 000yy | |
| 106 | @ar | |
| 200 | 10 | @a室内给水排水工程@Ashi nei ji shui pai shui gong cheng@f太原工学院主编 |
| 210 | @a北京@c中国建筑工业出版社@d1981 | |
| 215 | @a164页@d25cm | |
| 300 | @a高等学校试用教材 | |
| 606 | 0 | @a房屋建筑设备:卫生设备 |
| 690 | @aTU82@v3 | |
| 711 | 02 | @a太原工学院@Atai yuan gong xue yuan@4主编 |
| 801 | 0 | @aCN@b上海图书馆@c20040517 |
| 801 | 2 | @aCN@bNLC@c20040517 |
| 905 | @f1@b104134@f2@b104131-132@dTU82@e30 | |
| 室内给水排水工程/太原工学院主编.-北京:中国建筑工业出版社,1981 |
| 164页;25cm |
| 高等学校试用教材 |
| ISBN :CNY1.10 |
| ● |
| 相关链接 |
|
|
|
|
正题名:室内给水排水工程
索取号:TU82/30
 
预约/预借
| 序号 | 登录号 | 条形码 | 馆藏地/架位号 | 状态 | 备注 |
| 1 | 0104131 | 001479885 | 第三借阅区/ [索取号:TU82/30] | 在馆 | |
| 2 | 0104132 | 001480784 | 第二样本阅览室/ [索取号:TU82/30] | 在馆 | |
| 3 | 0104134 | 001480793 | 第三借阅区/ [索取号:TU82/30] | 在馆 |